Представление документа в формате RUSMARC

ПолеНазваниеЗначение
  Тип записи a
  Библиографический уровень c
001 Контрольный номер RU/SLIB/B/208777494
005 Дата корректировки 20260220120050.6
010 Индекс ISBN __
d Цена 3200-00
101 Язык документа 0_
a Язык текста rus
200 Заглавие и сведения об ответственности 1_
a Заглавие Другая жизнь
e Сведения, относящиеся к заглавию Повести. Рассказы
f Первые сведения об ответственности Ю. В. Трифонов ; послесл. Л. Теракопян ; худож. Л. Гритчин
b Общее обозначение материала Текст
210 Выходные данные 1_
a Место издания М.
c Издательство Известия
d Дата издания 1979
215 Физическое описание __
a Объем 686 с., 1 л. портр.
225 Серия 2_
a Серия Библиотека "Дружбы народов"
327 Примечание о содержании 0_
a Примечание о содержании Обмен
606 Тематические рубрики __
a Основная рубрика Художественная литература
z Хронологическая подрубрика 20 в.
y Географическая подрубрика Россия
606 Тематические рубрики __
a Основная рубрика Русская литература XX в. (произведения)
610 Ключевые слова 0_
a Ключевые слова писатели; проза; прозаики; романы; повести; рассказы
686 Индексы других классификаций __
a Классификационный индекс 84(2Рос=Рус)6-4
700 Автор _1
a Фамилия Трифонов
b Имя Ю. В.
4 Код отношения 070
801 Источник записи _0
a Страна RU
b Организация Муниципальное бюджетное учреждение культуры "Централизованная библиотечная система" г. Сургут (Центральная городская библиотека им. А. С. Пушкина)
g Правила каталогизации КиК/Лебедева
801 Источник записи _1
a Страна RU
b Организация Муниципальное бюджетное учреждение культуры "Централизованная библиотечная система" г. Сургут (Центральная городская библиотека им. А. С. Пушкина)
g Правила каталогизации КиК/Лебедева
852 Данные о местонахождении __
j Шифр хранения 84(2Рос=Рус)6-4
i Авторский знак Т 69
p Инвентарный номер 63362
901 Тип документа __
t Тип документа x
969 Тип издания __
a Тип издания сборник
990 Данные о заказе (DOS) __
j Количество экземпляров (DOS) 1
t N записи в КСУ для И/У (DOS) ретро